01706nam a2200445 i 450000100060000000300080000600500170001400600190003100700150005000800410006502000270010602000180013303500230015103500240017403500250019803500210022304000310024405000220027508200140029710000290031124501840034026400360052430000410056033600310060133700330063233800430066550000220070850400290073058801240075959001640088365000150104765000110106265000190107365000120109265500270110470000310113179700190116285600620118199900170124322046FlNmELB20241216213956.0m o d | cr cnu||||||||150601s2013 ag ob 001 0 spa d a9789506417758 (e-book) z9789506417659 a(MiAaPQ)EBC3219903 a(Au-PeEL)EBL3219903 a(CaPaEBR)ebr10862312 a(OCoLC)991926575 aFINmELBbspaerdacFINmELB 4aHF5415bB814 20130 a658.82231 aBraidot, Néstor Pedro.10aNeuroventas :bconozca cómo funciona el cerebro para vender con inteligencia y resultados exitosos /cNéstor Pedro Braidot ; con la colaboración de Pablo Braidot Annecchini. 1aBuenos Aires :bGranica,c2013. a1 recurso en línea (275 páginas) atextobtxt2rdacontent/spa acomputadorabc2rdamedia/spa arecurso en líneabcr2rdacarrier/spa aIncluye índice. aContiene bibliografía. aDescripción basada en recurso en línea; Título de la página del título en PDF (e-libro, visto June 01, 2015). aRecurso electrónico. Santa Fe, Arg.: e-libro, 2015. Disponible vía World Wide Web. El acceso puede estar limitado para las bibliotecas afiliadas a e-libro. 0aMarketing. 0aSales. 4aMercadotecnia. 4aVentas. 4aLibros electrónicos.1 aBraidot Annecchini, Pablo.2 ae-libro, Corp.40uhttps://elibro.net/ereader/politecnicointernacional/66761 c22046d22046